Statistics for Uganda Country Quiz

Click here to take the quiz!

General Stats

  • This quiz has been taken 6,274 times
    (6,233 since last reset)
  • The average score is 13 of 18

Answer Stats

Hint Answer % Correct
Official languagesEnglish
96%
Countries which border UgandaKenya
95%
Countries which border UgandaRwanda
92%
Countries which border UgandaTanzania
91%
Much of Uganda's territory is occupied
by this African Great Lake
Lake Victoria
91%
Countries which border UgandaD. R. Congo
90%
Countries which border UgandaSouth Sudan
84%
Official languagesSwahili
83%
Largest export (a bean)Coffee
79%
Capital cityKampala
77%
Currency (a former British coin)Shilling
77%
Infamous dictator known as
"The Butcher of Uganda"
Idi Amin
71%
Median age of Uganda citizens
to the nearest year
16
66%
In 1976, commandos from this country
rescued passengers from a hijacked plane
that landed at Entebbe airport
Israel
53%
Tallest mountain, named for a
British explorer
Mt. Stanley
40%
Infamous terrorist group which
uses child soldiers
{Lord}'s Resistance
Army
35%
Leader of that groupJoseph Kony
30%
Bird that appears on the flagGrey Crowned
{Crane}
28%

Score Distribution

Percentile by Number Answered

Percent of People with Each Score

Your Score History

You have not taken this quiz since the last reset